Online
Catalog

La peste / (Record no. 4671)

MARC details
000 -CABECERA
campo de control de longitud fija 00648cam a2200217 a 4500
001 - NÚMERO DE CONTROL
campo de control 000004865
005 - FECHA Y HORA DE LA ÚLTIMA TRANSACCIÓN
campo de control 20200929151524.0
008 - DATOS DE LONGITUD FIJA--INFORMACIÓN GENERAL
campo de control de longitud fija 720627s1956 mx 000 f spa d
040 ## - FUENTE DE LA CATALOGACIÓN
Centro catalogador/agencia de origen DO-SdBNP
Lengua de catalogación spa
Centro/agencia transcriptor BNPHU
041 17 - CÓDIGO DE LENGUA
Código de lengua del texto/banda sonora o título independiente spa
Código de lengua original fre
082 ## - NÚMERO DE LA CLASIFICACIÓN DECIMAL DEWEY
Número de clasificación 843.914
Número de documento/Ítem C211pes
100 1# - ENTRADA PRINCIPAL--NOMBRE DE PERSONA
Nombre de persona Camus, Albert,
Fechas asociadas al nombre 1913-1960
9 (RLIN) 4231
240 13 - TÍTULO UNIFORME
Título uniforme La Peste.
Lenguaje de la obra Español
245 13 - MENCIÓN DE TÍTULO
Título La peste /
Mención de responsabilidad, etc. Albert Camus ; traducción de Rosa Chacel.
260 ## - PUBLICACIÓN, DISTRIBUCIÓN, ETC.
Lugar de publicación, distribución, etc. México :
Nombre del editor, distribuidor, etc. Azteca,
Fecha de publicación, distribución, etc. 1956.
300 ## - DESCRIPCIÓN FÍSICA
Extensión 190 p. ;
Dimensiones 21 cm.
534 ## - NOTA SOBRE LA VERSIÓN ORIGINAL
Encabezamiento principal del original Título original
Mención de título del original La Peste.
650 #4 - PUNTO DE ACCESO ADICIONAL DE MATERIA--TÉRMINO DE MATERIA
Término de materia o nombre geográfico como elemento de entrada Novela francesa
9 (RLIN) 1075
650 #4 - PUNTO DE ACCESO ADICIONAL DE MATERIA--TÉRMINO DE MATERIA
Término de materia o nombre geográfico como elemento de entrada Literatura francesa
9 (RLIN) 1074
700 1# - PUNTO DE ACCESO ADICIONAL--NOMBRE DE PERSONA
Nombre de persona Chacel, Rosa,
Término indicativo de función/relación tr.
9 (RLIN) 13632
Holdings
Estado de retiro Estado de pérdida Restricciones de uso No para préstamo Código de colección Localización permanente Ubicación/localización actual Ubicación en estantería Fecha de adquisición Número de inventario Total de préstamos Signatura topográfica completa Código de barras Fecha visto por última vez Precio válido a partir de Tipo de ítem Koha
        Monografías: Libros y Folletos General General Depósito 27.07.2009 LF1   843.914 C211pes 4865-10 25.06.2020 25.06.2020 Préstamo en sala

Powered by Koha